| 000 | 00525nam a22001817a 4500 | ||
|---|---|---|---|
| 003 | CEME | ||
| 005 | 20221205104502.0 | ||
| 008 | 210208b xxu||||| |||| 00| 0 eng d | ||
| 020 | _a0-07-842714-2 | ||
| 040 | _c. | ||
| 082 | _a260 FLU | ||
| 100 |
_aGiles, R.V Liu, C Evett, J.B _977397 |
||
| 245 | _aSchaums interactive fluid mechanics and hydraulics | ||
| 260 |
_aNEWYORK _bMCGRAW HILL _c1996 |
||
| 300 | _a2 FLOPPY DISKS | ||
| 650 |
_aHYDRAULICS FLUID MECHANICS AND HYDRAULICS SOFTWARE NUST _977398 |
||
| 942 |
_cBK _2ddc |
||
| 999 |
_c582671 _d582671 |
||